Δάση και περιβάλλον στην αρχαία Ελλάδα

Αποθηκεύτηκε σε:
Λεπτομέρειες βιβλιογραφικής εγγραφής
Κύριος συγγραφέας: Τσουμής, Γεώργιος Θωμ. 1920-
Μορφή: Βιβλίο
Γλώσσα:Greek
Δημοσίευση: Θεσαλλονίκη : University Studio Press, 2007
Θέματα:
Ετικέτες: Προσθήκη ετικέτας
Δεν υπάρχουν, Καταχωρήστε ετικέτα πρώτοι!

MARC

LEADER 00000cam a2200000 i 4500
001 1/96305
008 081031s2007 gre d
020 |a 978-960-12-1593-8 
035 |l 10101289 
040 |a GR-MY-UA  |b gre  |e aacr 
041 0 |a gre 
082 0 |a 577.30938  |2 (22) 
100 1 |a Τσουμής, Γεώργιος Θωμ.   |d 1920- 
245 1 0 |a Δάση και περιβάλλον στην αρχαία Ελλάδα /  |c Γεώργιος Θ. Τσουμής.  
246 3 3 |a Forests and environment in Ancient Greece 
260 |a Θεσαλλονίκη :   |b University Studio Press,   |c 2007 
300 |a 120 σ.;  |b 1 χάρτης;  |c 21 εκ. 
504 |a Περιέχει βιβλιογραφικές παραπομπές 
650 0 0 |a Forests and forestry  |z Greece. 
650 0 |a Forest ecology  |z Greece. 
852 |a INST  |b LESVOS  |e 20081031  |h 577.30938 ΤΣΟ  |p 005100043342  |q 005100043342  |t BK  |y 0 
901 |a BIBL1-2008-3 
909 |a Λ  |b 146163 
922 |a 1ΕΛΗ  |b 200802  |c ΕΠΕΑΕΚ2/ΠΤΕ  |d Σ. ΠΑΤΑΚΗΣ 
970 |a ΚΑΡΑ  |b ΓΙΑΣΕΜΗ  |z 2008/10/31